000
00300nam a2200133Ia 4500
005
20251222153644.0
008
251222s9999||||xx |||||||||||||| ||spa||
082
_a
363.32/G17
100
_a
Gamarra, Ronald
245
0
_a
Terrorismo:
250
_a
1ra. ed.
264
_b
Grafimace S.A.
942
_c
LIB
999
_c
32854
_d
32854